Statistics for Countries with a 'Z' in their name:

Click here to take the quiz!

General Stats

  • This quiz has been taken 84 times
  • The average score is 13 of 16

Answer Stats

Hint Answer % Correct
AAzerbaijan
94%
KKazakhstan
94%
ZZambia
94%
VVenezuela
92%
Zimbabwe
92%
UUzbekistan
91%
BBelize
90%
TTanzania
87%
MMozambique
84%
Kyrgyzstan
82%
SSwaziland
82%
Switzerland
80%
CCzechia
73%
NNew Zealand
71%
Brazil
68%
Bosnia and Herzegovina
65%

Score Distribution

Percentile by Number Answered

Percent of People with Each Score

Your Score History

You have not taken this quiz